MONDIALISATIONS (1880-1935) P2C1I - Statistiques

Statistiques générales
  • Ce quiz a été pris 17 fois
  • Le résultat moyen est 39 sur 73
Statistiques - réponses
Hint Réponse % Correct
Recettes par l'ISR en France (francs) 1 000 000 000 fr.
100%
Recettes par le second impôt en France (francs) 1 500 000 000 fr.
100%
Nombre d'Algériens combattants 170 000
100%
Application en France de l'Impôt sur le revenu (AAAA) 1916
100%
Nombre de volontaires étatsuniens au début de la guerre 2 000
100%
Le budget de la France pendant la guerre représente ... fois celui de la guerre de 1870 20 fois
100%
Valeur totale des contrats passés entre des entreprises britanniques et étatsuniennes pendant la guerre ($) 3 000 000 000 $
100%
Multiplication du budget du Pays-Bas pendant la guerre (par...) 4
100%
Nombre d'"emprunts de la défense nationale" en France 4
100%
Coût direct de la guerre pour le Royaume-Uni ($) 44 000 000 000 $
100%
Nombre d'emprunts à long terme (intérieurs) en Allemagne 9
100%
Part de l'export mondial de pétrole venu des États-Unis en 1916 90%
100%
Date de la modification des termes la déclaration de Londres par le Royaume-Uni, par laquelle ils s'autorisent à contôler les navires suspects (MM AAAA) Août 1914
100%
Seul grand pays d'Amérique latine à entrer en guerre volontairement en 1917 Brésil
100%
Quand ça ne suffit toujours pas, on a recours aux ... Crédits extérieurs
100%
Noms des billets non-convertibles en or émis dans ce cas Currency notes
100%
Autre impôt pour trouver des financements internes à la guerre Impôt sur les bénéfices de guerre
100%
Lieux de production de ce lubrifiant Inde britannique, AEF, AOF (Dahomé)
100%
Les États-Unis dépensent moins de ... fois leur PIB de 1913 pour la guerre Moins de 1x
100%
Nom de la politique économique de l'Argentine par rapport à l'Europe après 1917 "Neutralité bienveillante" envers l'Entente
100%
Lubrifiant très utilisé dans la marine et l'aviation dont la consommation explose pendant la guerre Ricin
100%
Inflation aux États-Unis pendant la guerre (par ...) x1,1
100%
Argent prêté à les États-Unis à leurs allié ($) 10 000 000 000 $
50%
Nombre d'étatsuniens en Europe en août 1918 - puis à la fin du conflit (1 2) 1 000 000 2 000 000
50%
Nombre de sous-marins allemands en construction en 1916 120
50%
Nombre d'Indiens venus pour travailler ou combattre pendant la guerre 1 400 000
50%
Argent prêté à la France à ses alliés (francs) 15 000 000 000 fr. (=3 000 000 000 $)
50%
Coût direct total du conflit ($) 186 000 000 000 $
50%
Coût direct de la guerre pour le Japon 40 000 000 $
50%
Coût direct de la guerre pour l'Allemagne 45 000 000 000 $
50%
Part de l'export mondial de céréales venu des États-Unis en 1916 50%
50%
Nombre de combattants venus des colonies françaises 580 000
50%
Part des importations françaises venues du Royaume-Uni ou des États-Unis 60%
50%
Nombre d'Européens sur le front 60 000 000
50%
Nombre de souscripteurs à l'emprunt national allemand de 1917 7 000 000
50%
Torpillage du Lusitania (JJ MM AAAA) 7 mai 1915
50%
Part de la dette publique due aux Liberty Bonds (emprunts intérieurs à long terme) aux États-Unis en 1918 90%
50%
Date du pacte de neutralité signé par WIlson (MM AAAA) Août 1914
50%
Quand les recettes de l'État ne suffisent pas, on fait appel aux ... Banques d'émission nationales
50%
Exemple d'autre émission pour financer la guerre en Allemagne Bons du Ministère des Finances
50%
Part des dépenses de guerre assurées par les emprunts à long terme (intérieurs) De 30 à 50%
50%
Actions permises par le développement de la télégraphie sans fil pendant la PGm Écoute, codage des communications, approvisionnement des postes
50%
Quand ça ne suffit toujours pas, on fait des ... Emprunts à long terme
50%
Pays dont les dépenses militaires sont les plus élevées États-Unis
50%
Date où l'Allemagne menace de destruction tout navire de commerce pénétrant les eaux britanniques ou irlandaises (MM AAAA) Février 1915
50%
Dont 2/3 grâce à L'impôt sur la richesse
50%
Tonnage coulé par les Allemands pendant cette première guerre sous-marine Moins de 200 000 tonnes (c'est peu)
50%
Commerce chilien atteignant un essor pendant la guerre Nitrates
50%
Date où le Royaume-Uni annonce considérer la mer du Nord comme zone de guerre (MM AAAA) Novembre 1914
50%
Multiplication des rentrées fiscales au Royaume-Uni pendant la guerre (par ...) Par 4
50%
Nombre de morts civils à bord du Lusitania Plus de 1000
50%
Les pays européens dépensent plus de ... fois leur PIB de 1913 pour la guerre Plus de 4x
50%
Port pris par Japon en novembre 1914 Qingdao
50%
Inflation au Royaume-Uni pendant la guerre (par...) x2,6
50%
Inflation en France pendant la guerre (par...) x3,4
50%
Part des dépenses de guerre britanniques financées part les crédits extérieurs 11%
0%
Échanges Allemagne-États-Unis en 1914 ($) 158 000 000 $
0%
Nombre de Chinois envoyés en Russie entre 1915 et 1917 200 000
0%
Nombre de travailleurs coloniaux venant en France pendant la guerre 220 000
0%
Part des dépenses de guerre françaises financées part les crédits extérieurs 23%
0%
Coût direct de la guerre pour la France 25 000 000 000 $
0%
Coût direct de la guerre pour les États-Unis 32 000 000 000 $
0%
Échanges Allemagne-États-Unis en 1913 ($) 352 000 000 $
0%
Nombre de Canadiens combattants 630 000
0%
Tonnage coulé en 1917-1918 par les Allemands 9 500 000 tonnes (c'est beaucoup)
0%
Coût direct de la guerre pour la Russie Entre 15 000 000 000 et 22 000 000 000 $
0%
Date de la première Panamerican Financial Conference (MM AAAA) Mai 1915
0%
Qui parle de "solidarité continentale" à cette occasion McAdoo
0%
Argent prêté à le Royaume-Uni à ses alliés (£) Moins de 2 000 000 $ (=9 000 000 000 $)
0%
Multiplication des budgets de l'Allemagne entre 1913 et 1918 (par ...) Par 13
0%
Multiplication des budgets du Royaume-Uni entre 1913 et 1918 (par ...) Par 14
0%
Multiplication des budgets des États-Unis entre 1916 et 1918 (par ...) Par 18
0%
... Frank parle de la "guerre d'une ...-..." dans la revue ... (1 2 3 4) Robert Frank parle de la "guerre d'une Europe-monde" dans la revue Monde(s)
0%
Aucun quiz correspondant
Distribution des résultats
% des personnes avec chaque résultat
Percentile par nombre de réponses
Votre historique - résultats
Vous n’avez pas pris ce quiz